Music Quiz

Random Music or Song Quiz

Power Ballad Lyrics #04 Quiz Stats

 Plays Quiz not verified by Sporcle

Challenge
Share
Tweet
Embed
Score 0/228 Timer 10:00
0 Plays Today
% Correct
and
97.8%
and
97.8%
and
97.8%
And
97.8%
and
97.8%
the
97.8%
And
97.8%
and
97.8%
the
97.8%
and
97.8%
the
97.8%
I
97.1%
I
97.1%
I
97.1%
I
97.1%
I
97.1%
I
97.1%
I
97.1%
I
97.1%
you
95.3%
you
95.3%
You
95.3%
you
95.3%
you
95.3%
you
95.3%
you...
95.3%
[Guitar Solo]
95.3%
love
87.3%
love
87.3%
love
87.3%
love
87.3%
to
85.8%
to
85.8%
to
85.8%
to
85.8%
to
85.8%
to
85.8%
to
85.8%
me,
84.4%
me.
84.4%
me
84.4%
me.
84.4%
me
84.4%
be
83.6%
it
80%
it
80%
It
80%
it
80%
it
80%
It
80%
in
79.3%
in
79.3%
in
79.3%
in
79.3%
in
79.3%
in
79.3%
in
79.3%
in
79.3%
in
79.3%
is
78.9%
is
78.9%
we
78.2%
your
77.8%
your
77.8%
your
77.8%
your
77.8%
can
74.2%
all
72.4%
all
72.4%
when
72.4%
all
72.4%
when
72.4%
all
72.4%
when
72.4%
all
72.4%
all
72.4%
% Correct
that
71.6%
that
71.6%
that
71.6%
that
71.6%
that
71.6%
that
71.6%
that
71.6%
my
70.9%
my
70.9%
for
68.4%
for
68.4%
for
68.4%
for
68.4%
you're
68%
you're
68%
you're
68%
you're
68%
you're
68%
you're
68%
there
67.6%
there
67.6%
there
67.6%
there
67.6%
there
67.6%
what
65.8%
need,
65.5%
need,
65.5%
need,
65.5%
need,
65.5%
need... [chorus repeats]
65.5%
so
64.7%
heart.
64.4%
too
64.4%
see
64.4%
heart.
64.4%
too
64.4%
see
64.4%
here
62.2%
were
61.5%
we're
61.5%
we're
61.5%
we're
61.5%
we're
61.5%
are
60.4%
from
58.2%
was
57.5%
I'm
57.5%
I'm
57.5%
take
56.7%
will
56.7%
will
56.7%
who
56%
been
54.5%
been
54.5%
find
54.2%
our
53.5%
but
53.5%
but
53.5%
our
53.5%
our
53.5%
Baby,
52%
Baby,
52%
Baby,
52%
Now,
51.6%
away
51.6%
now.
51.6%
now,
51.6%
now
51.6%
nothin'
51.3%
nothin'
51.3%
hard
50.5%
hard
50.5%
hard
50.5%
hard
50.5%
only
49.5%
isn't
49.1%
% Correct
isn't
49.1%
arms.
48.7%
arms.
48.7%
long
48.7%
I'll
48.7%
life
46.9%
say,
46.9%
just
46.9%
I've
46.9%
young
45.8%
believe
45.8%
heaven.
45.8%
heaven.
45.8%
could
45.8%
could
45.8%
believe
45.8%
heaven.
45.8%
heaven.
45.8%
lyin'
44.4%
lyin'
44.4%
Oh
42.9%
down
42.9%
Oh
42.9%
down.
42.9%
Oh,
42.5%
by
42.5%
free.
41.8%
more.
41.8%
up
41.8%
way.
41.8%
We've
41.5%
over
41.5%
keep
41.5%
before,
40.7%
found
40%
found
40%
wild
39.6%
road
39.6%
findin'
39.6%
mean
39.6%
findin'
39.6%
that's
39.3%
about
38.2%
hold
38.2%
back
37.1%
waiting
37.1%
good
36.7%
comin'
36.4%
comin'
36.4%
bad,
36.4%
times
34.9%
thinkin'
34.2%
years,
34.2%
feelin'
34.2%
once
33.1%
someone
32.7%
around,
32.7%
come
32.7%
'cause
31.3%
younger
30.9%
dreams
30.9%
Through
29.5%
Yeah,
27.6%
yeah,
27.6%
light
27.3%
world
26.9%
there's
26.9%
true.
25.8%
somethin'
25.1%
change
24.4%
turn
24%
standing
24%
along,
20%
bring
18.5%
arrive,
17.5%
lots
11.3%

You're not logged in!

Compare scores with friends on all Sporcle quizzes.
Join for Free
OR
Log In

You Might Also Like...

Show Comments

Extras

Top Quizzes Today


Score Distribution

Your Account Isn't Verified!

In order to create a playlist on Sporcle, you need to verify the email address you used during registration. Go to your Sporcle Settings to finish the process.

Report this User

Report this user for behavior that violates our Community Guidelines.

Details: